Statistics for Oscars : One-word winners

Click here to take the quiz!

General Stats

  • This quiz has been taken 1,271 times
  • The average score is 12 of 22

Answer Stats

Academy
Awards
Film% Correct
70thTitanic
76%
78thCrash
63%
1stWings
63%
88thSpotlight
62%
85thArgo
59%
75thChicago
59%
73rdGladiator
57%
57thAmadeus
56%
55thGandhi
55%
43rdPatton
54%
16thCasablanca
52%
31stGigi
52%
41stOliver!
52%
59thPlatoon
52%
49thRocky
52%
68thBraveheart
51%
28thMarty
48%
65thUnforgiven
47%
13thRebecca
44%
21stHamlet
43%
4thCimarron
42%
6thCavalcade
41%

Score Distribution

Percentile by Number Answered

Percent of People with Each Score

Your Score History

You have not taken this quiz